Environmentally benign catalysis asymmetric Michael-additions using homogeneous and heterogenized chiral 1,2-diamine derivatives /

We have studied the asymmetric Michael-addition of aldehydes to maleimides using optically pure 1,2-diamine catalysts. Investigations on the effect of the structure of the catalyst, maleimide and aldehyde led to valuable conclusions as concern the steric and electronic requirements for obtaining hig...

Teljes leírás

Elmentve itt :
Bibliográfiai részletek
Szerzők: Kozma Viktória
Szőllősi György
Testületi szerző: International Symposium on Analytical and Environmental Problems (23.) (2017) (Szeged)
Dokumentumtípus: Könyv része
Megjelent: 2017
Sorozat:Proceedings of the International Symposium on Analytical and Environmental Problems 23
Kulcsszavak:Fotokatalízis, Katalízis, Szerves kémia
Online Access:http://acta.bibl.u-szeged.hu/56248
LEADER 01841naa a2200217 i 4500
001 acta56248
005 20260224081030.0
008 190103s2017 hu o 100 eng d
020 |a 978-963-306-563-1 
040 |a SZTE Egyetemi Kiadványok Repozitórium  |b hun 
041 |a eng 
100 1 |a Kozma Viktória 
245 1 0 |a Environmentally benign catalysis   |h [elektronikus dokumentum] :  |b asymmetric Michael-additions using homogeneous and heterogenized chiral 1,2-diamine derivatives /  |c  Kozma Viktória 
260 |c 2017 
300 |a 453-456 
490 0 |a Proceedings of the International Symposium on Analytical and Environmental Problems  |v 23 
520 3 |a We have studied the asymmetric Michael-addition of aldehydes to maleimides using optically pure 1,2-diamine catalysts. Investigations on the effect of the structure of the catalyst, maleimide and aldehyde led to valuable conclusions as concern the steric and electronic requirements for obtaining high activities and stereoselectivities in these asymmetric reactions. Based on these observations a plausible reaction intermediate for explaining the stereoselective addition of the nucleophile to the activated olefin is suggested. Furthermore, the results were used for selecting the chiral catalyst and the appropriate linker for the preparation of heterogenized chiral materials. The activities and enantioselectivities obtained using the catalysts immobilized on a proper support approached those obtained with their soluble counterparts and kept their stereoselectivities upon reuse. 
695 |a Fotokatalízis, Katalízis, Szerves kémia 
700 0 1 |a Szőllősi György  |e aut 
710 |a International Symposium on Analytical and Environmental Problems (23.) (2017) (Szeged) 
856 4 0 |u http://acta.bibl.u-szeged.hu/56248/1/proceedings_of_isaep_2017_453-456.pdf  |z Dokumentum-elérés